| 000 | 00502cam a22001694a 4500 | ||
|---|---|---|---|
| 020 | _a9781608768950 (hardcover) | ||
| 050 | 0 | 0 |
_aRC 280.P7 _bP8 2010 |
| 245 | 0 | 0 |
_aPSA and prostate cancer / _cJake A. Saylor and Lionel B. Michaels, editors. |
| 260 |
_aNew York : _bNova Biomedical Books, _cc2010. |
||
| 300 | _axiv, 241 p. : | ||
| 650 | 0 | _xDiagnostic use. | |
| 650 | 0 |
_xCancer _xDiagnosis. |
|
| 650 | 1 | 2 | _xdrug therapy. |
| 700 | 1 | _aSaylor, Jake A. | |
| 700 | 1 | _aMichaels, Lionel B. | |
| 942 |
_2lcc _cGEN |
||
| 999 |
_c14461 _d14461 |
||